| 000 | 00445nam a2200169Ia 4500 | ||
|---|---|---|---|
| 008 | 230524s9999 xx 000 0 und d | ||
| 082 |
_a621.38 _bLON |
||
| 100 |
_aKarl E.Lonngren _924964 |
||
| 245 | 0 | _aFundamentals of Electromagnetics with Matlab | |
| 250 | _a1ST | ||
| 260 |
_aNEW DELHI _bPHI (Scitech) _c2006 |
||
| 300 | _aXI;567 | ||
| 500 | _aQuantity Number: 1 | ||
| 650 | _aElectrical | ||
| 700 |
_a Sava V.Savov _924965 |
||
| 942 | _cBK | ||
| 999 |
_c37040 _d37040 |
||